Agua: ¿Dónde está y de quién es?
Guardat en:
| Autors principals: | , , |
|---|---|
| Format: | Llibre |
| Idioma: | espanyol |
| Publicat: |
Santiago
Programa Chile sustentable
2004
|
| Edició: | 1a. ed |
| Matèries: | |
| Etiquetes: |
Afegir etiqueta
Sense etiquetes, Sigues el primer a etiquetar aquest registre!
|
MARC
| LEADER | 00000nam a2200000 a 4500 | ||
|---|---|---|---|
| 001 | UCG5002 | ||
| 003 | CL-VaPUC | ||
| 008 | 101216e20040200CL |||||||||||||||||spa|d | ||
| 020 | |a 956788918X | ||
| 082 | 0 | 4 | |a 346.04691 |b BRA |2 21 |
| 100 | 0 | |a Bravo, Patricia |e author |9 554489 | |
| 700 | 0 | |a Aedo, M. Paz |e author |9 554490 | |
| 700 | 0 | |a Larraín, Sara |e author |9 554491 | |
| 245 | 1 | 0 | |a Agua: ¿Dónde está y de quién es? |
| 250 | |a 1a. ed | ||
| 300 | |a 91 p | ||
| 942 | |c BK | ||
| 945 | |d 20101216 00:00:00 |a dcastane | ||
| 260 | |a Santiago |b Programa Chile sustentable |c 2004 | ||
| 650 | 0 | |a Derecho de aguas |9 257148 | |
| 650 | 0 | |a Agua |9 257149 | |
| 650 | 0 | |a Agua potable |9 260375 | |
| 650 | 0 | |a Arbitraje judicial |9 384450 | |
| 650 | 0 | |a Código de aguas |9 380665 | |
| 583 | |a last modification |c 20180514 11:09:28 |k Rodrigo Vera | ||
| 999 | |c 343576 |d 343574 | ||
| 952 | |0 0 |1 0 |4 0 |6 346_046910000000000_BRA_2004 |7 0 |8 A |9 440991 |a BIBDER |b BIBDER |d 2019-11-22 |i 4743873 |o 346.04691 BRA 2004 |p 4743873 |r 2023-01-25 |w 2019-11-22 |y BK |k DER | ||